000 00926nam a22002777a 4500
005 20251108164028.0
008 250721s1996 xx 000 0 ara d
082 1 4 _a320.956/امت
100 1 _aمار، قيبيس
_eمحرر
245 1 0 _aإمتطاء النمر /
264 1 _aأبوظبي :
_bمركز الإمارات للدراسات،
_c1996.
300 _a291ص
490 0 _aدراسات مترجمة ؛ 2
650 1 7 _aالأحوال السياسية
650 1 7 _aالأحوال الإقتصادية
650 1 7 _aالنفط
650 1 7 _aتوازن القوى
650 1 7 _aالنزاع العربي الإسرائيلي
650 1 7 _aحرب الخليج 1991
650 1 7 _aالحركات الإسلامية
650 1 7 _aالشرق الأوسط
700 1 _aلويس، وليم
_eتحرير
700 1 _aالحاج، عبد الله جمعه
_eتحرير
942 _2ddc
_cBK
999 _c1833
_d1833